| 000 | 00537nam a2200181Ia 4500 | ||
|---|---|---|---|
| 999 |
_c14571 _d14571 |
||
| 003 | OSt | ||
| 005 | 20201019100909.0 | ||
| 008 | 190216s9999||||xx |||||||||||||| ||und|| | ||
| 020 | _a9788185604633 | ||
| 040 | _coclc | ||
| 082 |
_a305.51220954 _bVAL/J |
||
| 100 |
_a Valmiki, Omprakash _95862 |
||
| 245 | 0 |
_aJoothan A Dalit`s Life / _cOmprakash Valmiki |
|
| 260 |
_bMandira Sen, _c2010. _aKolkata: |
||
| 300 | _a134p | ||
| 650 | _aEnglish-Biography | ||
| 942 |
_cBK _2ddc _h305.51220954 _iVAL/J _k305.51220954 _mVAL/J |
||